000 00695nam a2200289Ia 4500
005 20260324134201.0
008 008 260324s9999 xx 000 0 eng d
020 _a9781936331130
037 _aEBOOK
040 _aCRL
040 _beng
040 _cCRL
041 _2eng
041 _aeng
084 _qCRL
100 _aMichael T. Rock
_91195888
245 0 _aPollution Control in East Asia
245 0 _bLessons from Newly Industrializing Economies
260 _bTaylor and Francis
260 _c2002
365 _a
365 _b190
856 _uhttp://www.taylorfrancis.com/books/9781936331130
942 _cEBOOK
999 _c1795673
_d1795673